| Tag |
First Indicator |
Second Indicator |
Subfields |
| LEADER |
00000cam a2200000 4500 |
| 001 |
in00000022131 |
| 005 |
20151007063856.0 |
| 008 |
720210s1953 nyuac b 00000 eng u |
| 010 |
|
|
|a 52006550
|
| 035 |
|
|
|a (OCoLC)00237902
|
| 035 |
|
|
|9 AAD8475AM
|
| 040 |
|
|
|c HIR
|d TXA
|d UtOrBLW
|
| 049 |
|
|
|a TXAM
|c [215836]
|
| 050 |
0 |
0 |
|a PR3091
|b .D4
|
| 092 |
|
|
|a 822.33
|b GD286
|
| 100 |
1 |
|
|a De Banke, Cécile.
|
| 245 |
1 |
0 |
|a Shakespearean stage production: then & now ;
|b a manual for the scholar-player.
|
| 264 |
|
1 |
|a New York :
|b McGraw-Hill,
|c [1953]
|
| 300 |
|
|
|a xviii, 342 pages :
|b illustrations, portraits ;
|c 24 cm.
|
| 336 |
|
|
|a text
|b txt
|2 rdacontent
|
| 337 |
|
|
|a unmediated
|b n
|2 rdamedia
|
| 338 |
|
|
|a volume
|b nc
|2 rdacarrier
|
| 504 |
|
|
|a Includes bibliographies.
|
| 600 |
1 |
0 |
|a Shakespeare, William,
|d 1564-1616
|x Stage history.
|
| 999 |
|
|
|a MARS
|
| 999 |
f |
f |
|s f8f492d7-04e8-3210-a868-a4e70fdff046
|i 28f6b5cb-45dc-3276-88d6-ed9dc898d96f
|t 0
|
| 952 |
f |
f |
|p normal
|a Texas A&M University
|b College Station
|c Sterling C. Evans Library
|d Evans: Library Stacks
|t 0
|e PR3091 .D4
|h Library of Congress classification
|i unmediated -- volume
|m A14801308068
|
| 998 |
f |
f |
|a PR3091 .D4
|t 0
|l Evans: Library Stacks
|